[Event "BAN-chT2 Borsho 2nd"]
[Site "Bangladesh"]
[Date "2021.01.24"]
[Round "5.3"]
[White "Kazi Fujayel, Ahmed"]
[Black "Mukitul, Islam Ripon"]
[Result "0-1"]
[WhiteElo "1744"]
[BlackElo "1949"]
[PlyCount "62"]
[EventDate "2021.01.20"]
[EventType "team-tourn"]
[EventRounds "9"]
[EventCountry "BAN"]
[SourceTitle "CBM 200 Extra"]
[Source "ChessBase"]
[SourceDate "2021.03.31"]
[SourceVersion "1"]
[SourceVersionDate "2021.03.31"]
[SourceQuality "1"]
[WhiteTeam "Youngstar CC"]
[BlackTeam "Legend Faraz Ayaiz"]
[WhiteTeamCountry "BAN"]
[BlackTeamCountry "BAN"]

1. Nf3 d5 2. d4 Nf6 3. c4 c6 4. Nc3 e6 5. g3 Bb4 6. Bg5 Nbd7 7. cxd5 exd5 8. Bg2 Qa5 9. Qc2 Ne4 10. Bd2 Nxd2 11. Qxd2 Nf6 12. Rc1 Ne4 13. Qc2 Qxa2 14. 0-0 Bxc3 15. bxc3 Qxc2 16. Rxc2 0-0 17. c4 Be6 18. c5 a5 19. Rb1 Rfb8 20. Ne5 f6 21. Nd3 a4 22. Bxe4 dxe4 23. Nc1 a3 24. Rc3 a2 25. Ra1 Ra4 26. e3 Rba8 27. Rc2 Rb4 28. Nxa2 Rba4 29. Rb1 Rxa2 30. Rxa2 Rxa2 31. Kg2 Ra7 0-1

[Event "BAN-chT2 Borsho 2nd"]
[Site "Bangladesh"]
[Date "2021.01.21"]
[Round "2.3"]
[White "Kazi Fujayel, Ahmed"]
[Black "Hossain, Delwar"]
[Result "0-1"]
[WhiteElo "1744"]
[BlackElo "2077"]
[PlyCount "106"]
[EventDate "2021.01.20"]
[EventType "team-tourn"]
[EventRounds "9"]
[EventCountry "BAN"]
[SourceTitle "CBM 200 Extra"]
[Source "ChessBase"]
[SourceDate "2021.03.31"]
[SourceVersion "1"]
[SourceVersionDate "2021.03.31"]
[SourceQuality "1"]
[WhiteTeam "Youngstar CC"]
[BlackTeam "Shahnoor Khan Smrity Sangsad"]
[WhiteTeamCountry "BAN"]
[BlackTeamCountry "BAN"]

1. Nf3 d5 2. d4 Nf6 3. g3 e6 4. Bg2 c5 5. c3 Nc6 6. 0-0 Be7 7. b3 0-0 8. Bb2 Re8 9. Nbd2 cxd4 10. cxd4 Bd7 11. a3 Bf8 12. b4 a6 13. Nb3 b6 14. Rc1 Na7 15. Ne5 Ba4 16. Qd3 Nd7 17. Rc2 Nc8 18. Nc6 Qf6 19. Rcc1 Nd6 20. Nd2 Bb5 21. Qf3 Nf5 22. Ne5 Nxe5 23. dxe5 Qh6 24. Nb3 Rac8 25. Rfe1 Rc4 26. Rxc4 Bxc4 27. Bc1 Qg6 28. Nd2 Nd4 29. Qc3 Nxe2+ 30. Rxe2 Bxe2 31. Bf1 Bxf1 32. Kxf1 Qg5 33. Nf3 Qd8 34. Be3 b5 35. Nd2 Qc8 36. Bc5 a5 37. Nb3 axb4 38. axb4 Qa6 39. Ke1 Rc8 40. Kd2 Qa2+ 41. Ke3 Re8 42. Bxf8 Rxf8 43. Na5 h6 44. h4 f6 45. f4 fxe5 46. Qxe5 Kh8 47. Kf3 Qa3+ 48. Kg4 Qxb4 49. Nc6 Qe4 50. Qd6 Qf5+ 51. Kf3 Qe4+ 52. Kf2 Rc8 53. Qd7 Qc2+ 0-1

[Event "Asia zt 3.2"]
[Site "Dhaka"]
[Date "2019.03.21"]
[Round "7"]
[White "Kazi Fujayel, Ahmed"]
[Black "Md, Nasim Hossain Bhuiy"]
[Result "1/2-1/2"]
[WhiteElo "1742"]
[BlackElo "1948"]
[PlyCount "118"]
[EventDate "2019.03.15"]
[EventType "swiss"]
[EventRounds "9"]
[EventCountry "BAN"]
[SourceTitle "CBM 189 Extra"]
[Source "ChessBase"]
[SourceDate "2019.05.31"]
[SourceVersion "1"]
[SourceVersionDate "2019.05.31"]
[SourceQuality "1"]

1. e4 e5 2. Nf3 Nc6 3. Bb5 a6 4. Bxc6 dxc6 5. 0-0 Bd6 6. d4 Qe7 7. Bg5 f6 8. dxe5 Bxe5 9. Nxe5 Qxe5 10. Bc1 Ne7 11. Nc3 0-0 12. Qf3 Ng6 13. Qg3 Qxg3 14. hxg3 f5 15. Re1 fxe4 16. Nxe4 Bf5 17. f3 b6 18. g4 Be6 19. b3 Rae8 20. Ba3 c5 21. Rad1 h6 22. Bb2 Bc8 23. Ng3 Nf4 24. Be5 Ne6 25. Nh5 Rf7 26. f4 Rfe7 27. Kf2 Nd4 28. Bxd4 Rxe1 29. Rxe1 Rxe1 30. Kxe1 cxd4 31. f5 Bb7 32. Nf4 Be4 33. Kd2 Kf7 34. b4 Kf6 35. a3 c6 36. Ne6 Bxg2 37. Nxd4 Ke5 38. Ke3 c5 39. bxc5 bxc5 40. Ne6 g6 41. Nf4 gxf5 42. Nxg2 fxg4 43. c4 Kf5 44. Nf4 g3 45. Kf3 Ke5 46. Ke3 h5 47. a4 a5 48. Nd3+ Kd6 49. Nf4 h4 50. Ke4 g2 51. Nh3 Ke6 52. Ng1 Kf6 53. Nh3 Ke6 54. Ng1 Kf6 55. Nh3 Ke6 56. Kf4 Ke7 57. Ke5 Kf7 58. Kf5 Ke7 59. Ke5 Kf7 1/2-1/2

[Event "Asia zt 3.2"]
[Site "Dhaka"]
[Date "2019.03.15"]
[Round "1"]
[White "Md, Sharif Hossain"]
[Black "Kazi Fujayel, Ahmed"]
[Result "1/2-1/2"]
[WhiteElo "2124"]
[BlackElo "1742"]
[PlyCount "90"]
[EventDate "2019.03.15"]
[EventType "swiss"]
[EventRounds "9"]
[EventCountry "BAN"]
[SourceTitle "CBM 189 Extra"]
[Source "ChessBase"]
[SourceDate "2019.05.31"]
[SourceVersion "1"]
[SourceVersionDate "2019.05.31"]
[SourceQuality "1"]

1. e4 d6 2. d4 Nf6 3. Nc3 g6 4. Be2 Bg7 5. h4 h5 6. Bg5 c6 7. Qd2 b5 8. f3 Qa5 9. Nh3 Bxh3 10. Rxh3 Nbd7 11. d5 b4 12. Nd1 cxd5 13. a3 Rb8 14. exd5 Nxd5 15. Bc4 N7f6 16. Ne3 Nxe3 17. Bxe3 Qc7 18. Bb3 a5 19. axb4 axb4 20. Ra7 Rb7 21. Ba4+ Nd7 22. Ra8+ Rb8 23. Qd5 0-0 24. Ra7 Nb6 25. Qa5 Qd8 26. Bb3 Nd7 27. Qg5 e6 28. g4 Qxg5 29. Bxg5 Nc5 30. gxh5 Ra8 31. Rxa8 Rxa8 32. hxg6 Nxb3 33. gxf7+ Kxf7 34. cxb3 Bxb2 35. Bd2 Bc3 36. Bxc3 bxc3 37. Kd1 Ra2 38. f4 Rf2 39. Rxc3 Rxf4 40. Rh3 Kg6 41. h5+ Kh6 42. Kd2 Rf5 43. b4 Rb5 44. Kc3 d5 45. Re3 d4+ 1/2-1/2